Developing communication skills (Record no. 5501)
[ view plain ]
| 000 -LEADER | |
|---|---|
| fixed length control field | 00677cam a2200253ua 4500 |
| 001 - CONTROL NUMBER | |
| control field | 6354 |
| 005 - DATE AND TIME OF LATEST TRANSACTION | |
| control field | 20260515114034.0 |
| 008 - FIXED-LENGTH DATA ELEMENTS--GENERAL INFORMATION | |
| fixed length control field | 160614n ii |||gr||||Z||||||eng |
| 020 ## - INTERNATIONAL STANDARD BOOK NUMBER | |
| International Standard Book Number | 978-0333-92919-3 |
| 040 ## - CATALOGING SOURCE | |
| Transcribing agency | MAIN |
| 041 ## - LANGUAGE CODE | |
| Language code of text/sound track or separate title | eng |
| 082 ## - DEWEY DECIMAL CLASSIFICATION NUMBER | |
| Classification number | 302.2 |
| 100 ## - MAIN ENTRY--PERSONAL NAME | |
| Personal name | Mohan,Krishna, |
| Relator term | Author., |
| 100 ## - MAIN ENTRY--PERSONAL NAME | |
| Personal name | Banerji,Meera, |
| Relator term | Author., |
| 245 ## - TITLE STATEMENT | |
| Title | Developing communication skills |
| Statement of responsibility, etc. | By Krishna mohan |
| 250 ## - EDITION STATEMENT | |
| Edition statement | 1st ed/ rep. |
| 260 ## - PUBLICATION, DISTRIBUTION, ETC. | |
| Place of publication, distribution, etc. | New delhi: |
| Name of publisher, distributor, etc. | Macmillan India ltd., |
| Date of publication, distribution, etc. | 2007. |
| 300 ## - PHYSICAL DESCRIPTION | |
| Extent | xv,291p. |
| 653 ## - INDEX TERM--UNCONTROLLED | |
| Uncontrolled term | Social interaction |
| 653 ## - INDEX TERM--UNCONTROLLED | |
| Uncontrolled term | Communication skills |
| 700 ## - ADDED ENTRY--PERSONAL NAME | |
| Personal name | Mohan,Krishna, |
| Relator term | Author., |
| 700 ## - ADDED ENTRY--PERSONAL NAME | |
| Personal name | Banerji,Meera, |
| Relator term | Author. |
| 942 ## - ADDED ENTRY ELEMENTS (KOHA) | |
| Koha item type | Books |
| Withdrawn status | Lost status | Damaged status | Not for loan | Home library | Current library | Shelving location | Date acquired | Total checkouts | Full call number | Barcode | Date last seen | Copy number | Price effective from | Koha item type |
|---|---|---|---|---|---|---|---|---|---|---|---|---|---|---|
| Naharkatiya College Library | Naharkatiya College Library | General stacks | 09/19/2020 | 302.2English text | MOH | 17267 | 09/19/2020 | 3 | 09/19/2020 | Books | |||||
| Naharkatiya College Library | Naharkatiya College Library | General stacks | 09/19/2020 | 302.2English text | MOH | 17268 | 09/19/2020 | 1 | 09/19/2020 | Books | |||||
| Naharkatiya College Library | Naharkatiya College Library | General stacks | 09/19/2020 | 302.2English text | MOH | 17269 | 09/19/2020 | 2 | 09/19/2020 | Books | |||||
| Naharkatiya College Library | Naharkatiya College Library | General stacks | 09/19/2020 | 302.2English text | MOH | 19196 | 09/19/2020 | 4 | 09/19/2020 | Books |